| 000 | 00970cab a22002295a 4500 | ||
|---|---|---|---|
| 001 | L148507 | ||
| 008 | 090928e20090912xxk 000 0 eng d | ||
| 035 | _a(Sirsi) u148507 | ||
| 041 | 0 | _aeng | |
| 100 | 1 | _aNorman, Paul | |
| 245 | 0 | 0 | _aEG industrial |
| 260 | _c2009 | ||
| 490 |
_aEstates Gazette _v(0936) 12 September 2009, 65-79(10) |
||
| 520 | _aHas the recession led to a relaxation in UK planning law? Developers left with incomplete projects due to the credit crunch are seeking alternative uses for the sites. Prime yields for industrial property have fallen by 100 basis point (1%) since June 2009 as illustrated by reference to a list of active buyers and sellers in the industrial investment sector. Profile of Ian Worboys. | ||
| 590 | _aKA | ||
| 651 | 4 |
_aUnited Kingdom _y |
|
| 690 | _aPROPERTY-COMMERCIAL PROPERTY-COMMERCIAL PROPERTY MARKET | ||
| 700 | 1 | _aHarris, David | |
| 700 | 1 | _aClift, Patrick | |
| 700 | 1 | _aPio Kivlehan, Noella | |
| 942 | _n0 | ||
| 999 |
_c81866 _d81866 |
||